000
00211nam a22000857a 4500
008
161024b xxu||||| |||| 00| 0 eng d
100
_9
942
_a
Verne.J.
245
_a
20,000 Leagues Under the Sea
260
_a
Newyork
_c
1986
999
_c
3596
_d
3596